00490caa a22001332a 4500001000900000003001100009008004300020100002500063245001800088300001600106500009900122700002700221773010800248 005663 AR-FADEU 311216n########xxu####################dd aVan Der Hulst, Harry aVowel harmony app. 495-534 aEn: The handbook of phonological theory / John A. Goldsmith (ed.). Cambridge : Blackwell, 1995 aJeroen, Van de Weijder0 011471abdCambridgeo03059tTHE HANDBOOK of phonological theoryw( AR-FADEU) 005649xz0-631-18062-1